Every President of Argentina - Statistics

General Stats
  • This quiz has been taken 52 times
    27 since last reset
  • The average score is 40 of 55
Answer Stats
Term President % Correct
1946-1952 Juan Domingo Perón
100%
1952-1955 Juan Domingo Perón
100%
1973-1974 Juan Domingo Perón
100%
2023-now Javier Gerardo Milei
95%
2015-2019 Mauricio Macri
95%
2019-2023 Alberto Ángel Fernández
90%
1989-1995 Carlos Saúl Menem
90%
1995-1999 Carlos Saúl Menem
90%
2011-2015 Cristina Elisabet Fernández
90%
2002-2003 Eduardo Alberto Duhalde
90%
1976-1981 Jorge Rafael Videla
90%
1981-1982 Leopoldo Galtieri
90%
1974-1976 María Estela Martínez
90%
2003-2007 Néstor Carlos Kirchner
90%
1983-1989 Raúl Ricardo Alfonsín
90%
2007-2011 Cristina Elisabet Fernández
85%
1999-2001 Fernando de la Rúa
85%
2002-2002 Adolfo Rodríguez Sáa
80%
1868-1874 Domingo Faustino Sarmiento
80%
1916-1922 Hipólito Yrigoyen
80%
1928-1930 Hipólito Yrigoyen
80%
1958-1962 Arturo Frondizi
75%
1963-1966 Arturo Umberto Illia
75%
2001-2002 Federico Ramón Puerta
75%
1895-1898 José Evaristo Uriburu
75%
1930-1932 José Félix Uriburu
75%
1880-1886 Julio Argentino Roca
75%
1898-1904 Julio Argentino Roca
75%
1981-1981 Roberto Eduardo Viola
75%
1862-1868 Bartolomé Mitre
70%
1973-1973 Héctor José Cámpora
70%
1892-1895 Luis Sáenz Peña
70%
1922-1928 Marcelo Torcuato de Alvear
70%
1970-1971 Roberto Marcelo Levingston
70%
1910-1914 Roque Sáenz Peña
70%
1966-1970 Juan Carolos Onganía
65%
1874-1880 Nicolás Avellaneda
65%
1955-1958 Pedro Eugenio Aramburu
65%
1942-1943 Ramón Antonio Castillo
65%
1982-1983 Reynaldo Benito Bignone
65%
1932-1938 Agustín Pedro Justo
60%
1971-1973 Alejandro Agustín Lanusse
60%
1890-1892 Carlos Pellegrini
60%
1962-1963 José María Guido
60%
1886-1890 Miguel Juárez Celman
60%
1914-1916 Victorino de la Plaza
60%
1943-1943 Arturo Rawson
55%
1944-1946 Edelmiro Julián Farrell
55%
1906-1910 José Figueroa Alcorta
55%
1938-1942 Marcelino Ortiz
55%
1943-1944 Pedro Pablo Ramírez
55%
1955-1955 Eduardo Ernesto Lonardi
50%
2002-2002 Eduardo Oscar Camaño
45%
1904-1906 Manuel Quintana
45%
1973-1973 Raúl Alberto Lastiri
35%
No matching quizzes found
Score Distribution
Percent of People with Each Score
Percentile by Number Answered
Your Score History
You have not taken this quiz since the last reset